| 000 | 00551nam a22001697a 4500 | ||
|---|---|---|---|
| 003 | OSt | ||
| 005 | 20250624152846.0 | ||
| 008 | 250624b |||||||| |||| 00| 0 eng d | ||
| 040 | _cAIMIT LIBRARY | ||
| 100 |
_aDhanyashre K. _e222103 _9215938 |
||
| 245 |
_aFace recognition -based attendance system / _cBy Dhanyashree K. |
||
| 260 |
_aMangalore ; _c2024. |
||
| 700 |
_aPinto, Jeevan. _eMentor _9215939 |
||
| 700 |
_aKakunje, GK Bhat. _eGuide _9215940 |
||
| 856 |
_3Kakunje Software Private Limited, Mangalore _uwww.kakunjesoftware.com |
||
| 942 |
_2ddc _cPRO |
||
| 999 |
_c234525 _d234525 |
||